| 000 -LEADER | |
|---|---|
| fixed length control field | 00369nam a22001697a 4500 |
| 005 - DATE AND TIME OF LATEST TRANSACTION | |
| control field | 20160701135447.0 |
| 008 - FIXED-LENGTH DATA ELEMENTS--GENERAL INFORMATION | |
| fixed length control field | 160701b xxu||||| |||| 00| 0 eng d |
| 020 ## - INTERNATIONAL STANDARD BOOK NUMBER | |
| ISBN | 978-93-5078-119-7 |
| 041 ## - LANGUAGE CODE | |
| Language code of text/sound track or separate title | eng |
| 082 ## - DEWEY DECIMAL CLASSIFICATION NUMBER | |
| Item number | 20602 |
| 100 ## - MAIN ENTRY--AUTHOR NAME | |
| Personal name | Sharma |
| 245 ## - TITLE STATEMENT | |
| Title | Plant Pathology |
| 260 ## - PUBLICATION, DISTRIBUTION, ETC. (IMPRINT) | |
| Name of publisher | Rastogi |
| 300 ## - PHYSICAL DESCRIPTION | |
| Number of Pages | 610 |
| 650 ## - SUBJECT ADDED ENTRY--TOPICAL TERM | |
| Topical Term | Agriculture |
| 942 ## - ADDED ENTRY ELEMENTS (KOHA) | |
| Koha item type | Books |
| Lost status | Damaged status | Collection code | Home library | Current library | Shelving location | Date acquired | Source of acquisition | Cost, normal purchase price | Full call number | Accession Number | Koha item type |
|---|---|---|---|---|---|---|---|---|---|---|---|
| Reference | JRU Library | JRU Library | SHELF-2-D | 01/07/2016 | PURCHASE | 475.00 | 632.3 | 20602 | Books | ||
| AGRICULTURE | JRU Library | JRU Library | SHELF-45-B | 01/07/2016 | 475.00 | 20602 | 20603 | Books | |||
| AGRICULTURE | JRU Library | JRU Library | SHELF-45-B | 01/07/2016 | 475.00 | 20602 | 20604 | Books | |||
| AGRICULTURE | JRU Library | JRU Library | SHELF-45-B | 01/07/2016 | 475.00 | 20602 | 20605 | Books | |||
| AGRICULTURE | JRU Library | JRU Library | SHELF-45-B | 01/07/2016 | 475.00 | 20602 | 20606 | Books | |||
| AGRICULTURE | JRU Library | JRU Library | SHELF-45-B | 01/07/2016 | 475.00 | 20602 | 20607 | Books | |||
| AGRICULTURE | JRU Library | JRU Library | SHELF-45-B | 01/07/2016 | 475.00 | 20602 | 20608 | Books | |||
| AGRICULTURE | JRU Library | JRU Library | SHELF-45-B | 01/07/2016 | 475.00 | 20602 | 20609 | Books | |||
| AGRICULTURE | JRU Library | JRU Library | SHELF-45-B | 01/07/2016 | 475.00 | 20602 | 20610 | Books | |||
| AGRICULTURE | JRU Library | JRU Library | SHELF-45-B | 01/07/2016 | 475.00 | 20602 | 20611 | Books |